Yang diselindung samudera

Bibliographic Details
Main Author: Nor Azida Ishak
Other Authors: Fadli Al-Akiti, Ted Mahsun
Format: Book
Published: Kuala Lumpur : Utusan Publications & Distributors Sdn.Bhd. , 2017
Subjects:

MARC

LEADER 00000cam a2200000 7i4500
001 0000213964
005 20170818.0
020 |a 9789676127679 
090 0 0 |a F   |b NOR 
100 0 |a Nor Azida Ishak 
245 1 0 |a Yang diselindung samudera   |c Nor Azida Ishak, Ted Mahsun & Fadli Al-Akiti 
260 |a Kuala Lumpur :   |b Utusan Publications & Distributors Sdn.Bhd. ,   |c 2017 
300 |a 222p. ;   |c 18cm. 
650 0 0 |a Malay fiction 
700 0 |a Fadli Al-Akiti 
700 0 |a Ted Mahsun 
999 |a 00344917   |b BUKU   |c PINJAMAN   |e PERPUSTAKAAN KOMUNITI PETALING JAYA 
999 |a 00344918   |b BUKU   |c PINJAMAN   |e PERPUSTAKAAN KOMUNITI CAW KOTA DAMANSARA 
999 |a 00344919   |b BUKU   |c PINJAMAN   |e PERPUSTAKAAN KOMUNITI CAW TAMAN MEDAN